000 00335nam a22001217a 4500
040 _cCarvan
082 _a423
_bM9535
100 _aCh. Abdul Mujeeb
_9130478
245 _aCarvan Advanced Learner's Dictionary
_bEnglish to English and Urdu
260 _aLahore
_bThe Carvan Publication Publishers
300 _a1056p.
942 _2ddc
_cBK
999 _c614667
_d614667